Statistics for Name a Valid Country by Last Letters

Click here to take the quiz!

General Stats

  • This quiz has been taken 103 times
  • The average score is 11 of 15

Answer Stats

LettersCountries% Correct
-stanAfghanistan | Kazakhstan | Kyrgyzstan | Pakistan | Tajikistan | Turkmenistan | Uzbekistan
100%
-landFinland | Iceland | Ireland | New Zealand | Poland | Switzerland | Poland
98%
-biaColombia | Gambia | Namibia | Saudi Arabia | Serbia | Zambia
94%
-riaAlgeria | Austria | Bulgaria | Liberia | Nigeria | Syria
92%
-eaEquatorial Guinea | Eritrea | Guinea | North Korea | Papua New Guinea | South Korea
85%
-osBarbados | Comoros | Laos
81%
-rEast Timor | Ecuador | El Salvador | Madagascar | Myanmar | Niger | Qatar
74%
-ayNorway | Paraguay | Uruguay
74%
-inBahrain | Benin | Liechtenstein | Spain
69%
-alNepal | Senegal | Portugal
68%
-onCameroon | Gabon | Lebanon
66%
-arMadagascar | Myanmar | Qatar
60%
-anaBotswana | Ghana | Guyana
58%
-asBahamas | Honduras
44%
-icCentral African Republic | Czech Republic | Dominican Republic
43%

Score Distribution

Percentile by Number Answered

Percent of People with Each Score

Your Score History

You have not taken this quiz